000 00520nam a2200205 a 4500
005 20140310183312.0
008 051010s19uu xx 00 eng d
020 _a0-205-29587-8
050 _aP 90
_b.B296 2002
100 _aBarker, Larry L.
245 _aCommunication /
_cLarry L. Baker.
250 _a8th ed.
260 _aBoston, MA :
_bAllyn and Bacon,
_c2002.
300 _ax, 406 p. ;
_c26 cm.
521 _aMC
650 _aCommunication.
942 _cBK
_2lcc
_kFOR
999 _c21175
_d21175